| 000 | 00682nam a2200193 i 4500 | ||
|---|---|---|---|
| 001 | 20597 | ||
| 003 | ES-MaACL | ||
| 005 | 20240123190848.0 | ||
| 007 | t| | ||
| 008 | 021114s1956 sp ||||1| spa d | ||
| 100 | 1 |
_aAichhorn, August. _918959 |
|
| 245 | 1 | 0 |
_aJuventud descarriada / _cpor August Aichhorn ; prólogo de Sigmund Freud ; traducción y nota previa por R. del Portillo. |
| 260 |
_aMadrid, etc. : _b[s.n.], _c[1956] ( _fTalls. Gráf. Escelicer) |
||
| 300 |
_a282 p., 1 lám. : _bretr. aut. ; _c19 cm. |
||
| 700 | 1 |
_aFreud, Sigmund, _d1856-1939 _952547 |
|
| 700 | 1 |
_aPortillo, R. del. _993263 |
|
| 852 |
_aES-MaACL _jC-11602 _bR.39555 |
||
| 999 |
_c20597 _d20597 |
||